Normal view
MARC view
- Classical literature
Entry Topical Term
001 - CONTROL NUMBER
- control field: 39857
003 - CONTROL NUMBER IDENTIFIER
- control field: OSt
005 - DATE AND TIME OF LATEST TRANSACTION
- control field: 20160419114754.0
008 - FIXED-LENGTH DATA ELEMENTS
- fixed length control field: 160419|| aca||babn | a|a d
040 ## - CATALOGING SOURCE
- Original cataloging agency: OSt
150 ## - HEADING--TOPICAL TERM
- Topical term or geographic name as entry element: Classical literature
- General subdivision: History and criticism